01018nab a2200265uuc4500001000800000005001700008008004100025035001200066040001300078041000800091100005400099245009000153260001000243650004400253650003500297650004300332700003700375700004300412700005000455700004400505700004400549773013000593942001000723999001900733144827120240808090504.0160817s2014 spa  a1448271 ccomduadb aspa10aOblitas Guadalupe, Luis Armando4auteaut950262713aEl proceso de convertirse en una persona saludable : enfoque biopsicosocioecológico c2014. aSalud - Aspectos psicológicos9216746 aPsicologia y nutricion9204197 7aPsicología de la salud2embne91512910aOblitas, Angie4auteaut974488510aGorenc, Klaus Dieter4auteaut929953010adel Carmen Puello, Mildred 4auteaut975744810aRoca Vides, Margarita4auteaut971422410aCortes, Omar Fernando4auteaut95142630 tCultura, Educación y Sociedad (Barranquilla)gVolumen 5, Número 2, Julio-Diciembre 2014, 9-24w1378693x2145-92580690743 cARIMP c744940d744940